000 00302nam a2200121Ia 4500
100 _aSantacruz operation Inc
942 _cBK
654 _aunix
245 _aSCO unix system v operating system system administer guide
260 _bSantacruz Operation Inc.
082 _a5.43
_bSCO
546 _aENGLISH
999 _c27258
_d27258